| 000 | 00897nam a22002897a 4500 | ||
|---|---|---|---|
| 003 | CHAP | ||
| 005 | 20220329140648.0 | ||
| 008 | 971013s r 00010 d | ||
| 010 | _a55592 | ||
| 011 | _a56564 | ||
| 035 | _a60717 | ||
| 040 | _cCHAP | ||
| 090 | _aFolleto 2739 | ||
| 110 |
_aYucatán. Constitución. _9123328 |
||
| 245 | _aConstitución política del estado de Yucatán | ||
| 260 |
_a(s.l.) : _bPartido Revolucionario Institucional, _c(s.a.) |
||
| 300 | _a32 p. | ||
| 590 |
_aBATCH-UPD _b10 _c20130110 _lUCH01 _h0715 |
||
| 590 |
_aBATCH-UPD _b10 _c20130110 _lUCH01 _h2341 |
||
| 590 |
_aBATCH-UPD _b10 _c20130410 _lUCH01 _h1629 |
||
| 590 |
_aBATCH-UPD _b10 _c20130914 _lUCH01 _h2140 |
||
| 590 |
_aCONVERSION _b10 _c20130109 _lUCH01 _h1330 |
||
| 650 | 1 | 4 |
_aYucatán _xConstitución. _9123318 |
| 901 | _aBK | ||
| 942 | _cFOLL | ||
| 949 |
_aFolleto 2739 _bBC _cFOLL _d-130693 _eTS1 _i60717 _mD _si |
||
| 999 |
_c55592 _d55592 |
||